Managing personal finance. (Record no. 131390)
[ view plain ]
| 000 -LEADER | |
|---|---|
| fixed length control field | 00428cam9a220016900 4500 |
| 001 - CONTROL NUMBER | |
| control field | tmp15937324 |
| 003 - CONTROL NUMBER IDENTIFIER | |
| control field | UPRA |
| 005 - DATE AND TIME OF LATEST TRANSACTION | |
| control field | 20190822105635.0 |
| 008 - FIXED-LENGTH DATA ELEMENTS--GENERAL INFORMATION | |
| fixed length control field | 951114n xx eng u |
| 035 ## - SYSTEM CONTROL NUMBER | |
| System control number | (Sirsi) r50469 |
| 035 ## - SYSTEM CONTROL NUMBER | |
| System control number | (UPRA)tmp15937324 |
| 040 ## - CATALOGING SOURCE | |
| Transcribing agency | UPRA |
| 100 1# - MAIN ENTRY--PERSONAL NAME | |
| Personal name | Ulbrich, Holley H. |
| Linkage | A8402.1 |
| 245 10 - TITLE STATEMENT | |
| Title | Managing personal finance. |
| 949 ## - LOCAL PROCESSING INFORMATION (OCLC) | |
| a | HG179 |
| w | lcc |
| i | -63711 |
| m | MAIN |
| t | BOOK |
| l | ON-SHELF |
| Withdrawn status | Lost status | Source of classification or shelving scheme | Damaged status | Not for loan | Home library | Current library | Shelving location | Total Checkouts | Full call number | Barcode | Date last seen | Copy number | Price effective from | Koha item type |
|---|---|---|---|---|---|---|---|---|---|---|---|---|---|---|
| Library of Congress Classification | Main Library | Main Library | On Shelf | HG179 | -63711 | 08/22/2019 | 1 | 08/22/2019 | Book |